01507nam a2200313 a 4500001001000000003000900010005001700019008004100036040002500077082001800102110013600120245007000256246006600326260007100392300002000463490001400483590002600497650003000523650002700553650002300580830002100603910003800624942001400662952013100676952013100807952011600938952012201054999001701176000029808DO-SdBNP20250701104718.0110426s2004 dr r 000 0 spa d aDO-SdBNPbspacBNPHU a363.72bP964g2 aPrograma de Cooperación Descentralizada para el Saneamiento Ambiental de los Barrios Marginales de Santo Domingo (SABAMAR)95656310aGuía metodológica para las cartillas educativas :brotafolio.23aGuía metodológica de las cartillas educativas de SABAMAR. aSanto Domingo :bMetropolitana de Impresos y Publicaciones,c2004. a27 p. ;c24 cm.1 aMi barrio aInventariado, 2018/BT 0aSaneamiento urbano956564 0aSalud pública956565 0aSaneamiento 97181 0aMi barrio956566 aValidado. Control de calidad. EMS 2ddccLBS1 001054708DSaGRbGRcHDd2011-04-26iLF1l0o363.72 P964gp29808-30r2020-06-25te. 3w2020-06-25yLFDSZPréstamo en sala 001054708DSaGRbGRcHDd2011-11-14iLF1l0o363.72 P964gp29808-40r2020-06-25te. 4w2020-06-25yLFDSZPréstamo en sala 0010718PDaPDbPDcHDd2011-04-26iLF1l0o363.72 P964gp29808-10r2020-06-25w2020-06-25yLFPDZNo se presta 0010718PDaPDbPDcHDd2011-04-26iLF1l0o363.72 P964gp29808-20r2020-06-25te. 2w2020-06-25yLFPDZNo se presta c29300d29300